Military lessons of the Gulf War / (Record no. 590118)
[ view plain ]
| 000 -LEADER | |
|---|---|
| fixed length control field | 00929pam a2200277 a 4500 |
| 001 - CONTROL NUMBER | |
| control field | 2013880 |
| 003 - CONTROL NUMBER IDENTIFIER | |
| control field | NUST |
| 005 - DATE AND TIME OF LATEST TRANSACTION | |
| control field | 20220606113539.0 |
| 008 - FIXED-LENGTH DATA ELEMENTS--GENERAL INFORMATION | |
| fixed length control field | 910322s1991 enkab b 001 0 eng |
| 010 ## - LIBRARY OF CONGRESS CONTROL NUMBER | |
| LC control number | 91012929 |
| 020 ## - INTERNATIONAL STANDARD BOOK NUMBER | |
| International Standard Book Number | 1853671037 : |
| Terms of availability | £14.95 |
| 038 ## - RECORD CONTENT LICENSOR | |
| Staff Name | Arshad |
| 040 ## - CATALOGING SOURCE | |
| Original cataloging agency | DLC |
| Transcribing agency | DLC |
| Modifying agency | DLC |
| 043 ## - GEOGRAPHIC AREA CODE | |
| Geographic area code | ap----- |
| -- | a-iq--- |
| 050 00 - LIBRARY OF CONGRESS CALL NUMBER | |
| Classification number | DS79.72 |
| Item number | .M55 1991 |
| 082 00 - DEWEY DECIMAL CLASSIFICATION NUMBER | |
| Classification number | 956.7043 |
| Author Mark | MIL |
| 245 00 - TITLE STATEMENT | |
| Title | Military lessons of the Gulf War / |
| Statement of responsibility, etc. | Bruce W. Watson ... [et al.] |
| 260 ## - PUBLICATION, DISTRIBUTION, ETC. | |
| Place of publication, distribution, etc. | London : |
| Name of publisher, distributor, etc. | Greenhill Books ; |
| Place of publication, distribution, etc. | Novato, Ca. : |
| Name of publisher, distributor, etc. | Presidio Press, |
| Date of publication, distribution, etc. | 1991. |
| 300 ## - PHYSICAL DESCRIPTION | |
| Extent | 272 p. : |
| Other physical details | ill., maps ; |
| Dimensions | 23 cm. |
| 504 ## - BIBLIOGRAPHY, ETC. NOTE | |
| Bibliography, etc. note | Includes bibliographical references and index. |
| 650 #0 - SUBJECT ADDED ENTRY--TOPICAL TERM | |
| Topical term or geographic name entry element | Persian Gulf War, 1991. |
| 700 1# - ADDED ENTRY--PERSONAL NAME | |
| Personal name | Watson, Bruce W. |
| 906 ## - LOCAL DATA ELEMENT F, LDF (RLIN) | |
| a | 7 |
| b | cbc |
| c | orignew |
| d | 1 |
| e | ocip |
| f | 19 |
| g | y-gencatlg |
| 942 ## - ADDED ENTRY ELEMENTS (KOHA) | |
| Source of classification or shelving scheme | |
| Koha item type | Book |
| Withdrawn status | Lost status | Source of classification or shelving scheme | Damaged status | Not for loan | Permanent Location | Current Location | Shelving location | Date acquired | Total Checkouts | Full call number | Barcode | Date last seen | Price effective from | Koha item type |
|---|---|---|---|---|---|---|---|---|---|---|---|---|---|---|
| Central Library (CL) | Central Library (CL) | History | 06/06/2022 | 956.7043 MIL | CL3336 | 10/26/2022 | 06/06/2022 | Book |
